000 00325 a2200121 4500
000 nam a22 7a 4500
005 20250926164728.0
020 _a9781538162972 (hbk)
100 _aRossabi, Morris
_9846877
245 _aChina and the Uyghurs: a concise introduction
260 _bRowman & Littlefield
_c2022
942 _cTB
999 _c1464213
_d1464213